00603nam a2200205Ia 450000500170000000800410001704000190005804100120007708200150008910000170010424500540012125000170017526000340019230000310022650400190025765000190027665100750029570000170037085000100038720230713102555.0131103s9999 xx 000 0 und d aLoreto College aEnglish a631.4bARA aArakeri, H.R aSoil management in IndiacH.R.Arakeri ...[et al.] a2nd rev. ed. aBombaybAsia Publishingc1962 axxiii, 609 p.b ill., fig. aReprinted 1967 aAgriculture -  aSpecific techniques, apparatus, equipment, materials - Soil Science -  aChalam, G.V. aLCLIB